000
00221nam a22000857a 4500
008
160630b xxu||||| |||| 00| 0 eng d
100
_9
1539
_a
Sharma, V.D
245
_a
Games - Sports & Yogic Exercise
260
_a
N.D
_b
Arya
_c
2003
999
_c
1272
_d
1272